000 00275nam a2200109Ia 4500
001 588933
005 20250717120839.0
008 250717s9999 xx 000 0 und d
245 0 _aY-8 SİMURMA YOLCULUK
_cÖZGÜR ARAS TÜFEK
260 _bERDEM YAYINLARI
_c2020
300 _b109
999 _c588933
_d588933